Plebeyos ilustres (Record no. 158249)

MARC details
000 -LEADER
campo de control de longitud fija 00616nam a22001815i 4500
001 - NÚMERO DE CONTROL
campo de control 158249
003 - IDENTIFICADOR DE NÚMERO DE CONTROL
campo de control ES-MaACL
005 - FECHA Y HORA DE LA ÚLTIMA TRANSACCIÓN
campo de control 20250812063127.0
008 - DATOS DE LONGITUD FIJA--INFORMACIÓN GENERAL
campo de control de longitud fija 040825s1869 sp |||| | spa d
040 ## - FUENTE DE CATALOGACIÓN
Centro catalogador/agencia de origen CAM
Lengua de catalogación spa
Centro/agencia transcriptor CAM
100 1# - ENTRADA PRINCIPAL--NOMBRE DE PERSONA
Nombre de persona Luque y Vicens, Antonio
9 (RLIN) 222926
245 10 - MENCIÓN DEL TÍTULO
Título Plebeyos ilustres
Resto del título : reseña biográfica de los obreros del progreso humano /
Mención de responsabilidad, etc. por Antonio Luque y Vicens.
260 ## - PUBLICACIÓN, DISTRIBUCIÓN, ETC.
Lugar de publicación, distribución, etc. Madrid :
Nombre del editor, distribuidor, etc. [s.n.],
Fecha de publicación, distribución, etc. 1869 (
Fabricante Imprenta de Juan Fernandez)
300 ## - DESCRIPCIÓN FÍSICA
Extensión 276 p. ;
Dimensiones 13 cm.
650 #4 - PUNTO DE ACCESO ADICIONAL DE MATERIA--TÉRMINO DE MATERIA
Término de materia o nombre geográfico como elemento de entrada Biografías.
9 (RLIN) 10574
852 ## - LOCALIZACIÓN
Ubicación ES-MaACL
Número de control de estantería F-1191
Nota libre -- Enc. hol.
Holdings
Estatus retirado Estado de pérdida Estado de daño No para préstamo Colección Biblioteca de origen Biblioteca actual Ubicación en estantería Fecha de adquisición Fuente de adquisición Total de préstamos Signatura topográfica completa Código de barras Visto por última vez Precio de reemplazo Tipo de ítem Koha
        Libros del s. XIX Biblioteca del Ateneo de Madrid Biblioteca del Ateneo de Madrid Depósito 2 17/01/2008     F-1191 1165624 23/02/2023 23/02/2023 Libro impreso antiguo